Rappers Who Performed At the Super Bowl - Sudden Death - Statistics

General Stats
  • This quiz has been taken 5 times
  • The average score is 8 of 17
Answers on the Grid
Answers color-coded by a green-red scale on the quiz's grid according to % correct below.
21 Savage
50 Cent
Anderson .Paak
Bad Bunny
Big Boi
Cardi B
Central Cee
Chamillionaire
DJ Khaled
Dr. Dre
Drake
Eminem
Future
J. Cole
JAY-Z
Kendrick Lamar
Kid Rock
Lil Jon
Lil Wayne
Ludacris
Missy Elliott
Nelly
Nicki Minaj
P. Diddy
Snoop Dogg
Travis Scott
will.i.am
Wu-Tang Clan
XXXTENTACION
Young Thug
 
Answer Stats
Answer % Correct
50 Cent
100%
Dr. Dre
100%
Snoop Dogg
100%
Bad Bunny
50%
Big Boi
50%
Cardi B
50%
Eminem
50%
Kendrick Lamar
50%
Kid Rock
50%
Nelly
50%
P. Diddy
50%
Travis Scott
50%
will.i.am
50%
Anderson .Paak
0%
Lil Jon
0%
Ludacris
0%
Missy Elliott
0%
No matching quizzes found
Score Distribution
Percent of People with Each Score
Percentile by Number Answered
Your Score History
You have not taken this quiz